000 00849nam a22002291 4500
005 20050808122104.0
008 721219s1962 nyu 000 0 eng
020 _a9788123753607
_c55.00
037 _bNorth India Publishers & Distributors
040 _adpl
_bEnglish
100 _aChandra, Bipan
245 _aCommunalism : a primer /
_bby Bipin Chandra
260 _aNew Delhi
_bNational Book Trust
_c2007
270 _aDirector, NBT, Nehru Bhawan, Institutional Area, Phase-II, Vasant Kunj
_b New Delhi
_e110070
300 _a121 p.
_c22 cm. (pbk)
500 _aincludes appendix
600 _aRekha Sinha
700 _aRekha Sinha
942 _2ddc
_cEN
_mCHA
999 _c24216
_d24216